| Record ID | talis_openlibrary_contribution/talis-openlibrary-contribution.mrc:640423867:530 |
| Source | Talis |
| Download Link | /show-records/talis_openlibrary_contribution/talis-openlibrary-contribution.mrc:640423867:530?format=raw |
LEADER: 00530cam a22001818a 4500
001 dc70a6492a6c4e3ea6cb0ae15bf774f3
003 UK-BiTAL
005 20050705123900.0
008 940927s1994 enka 000 ||eng|d
015 $aGB94W0364$2bnb
020 $a0600584038 :
035 $a()0600584038
040 $aUkLJWS$cUkLJWS$dNBS$dUK-BiTAL
082 04 $a782.42166092$220
100 1 $aHeatley, Michael.
245 10 $aNeil Young :$bhis life and music /$cMichael Heatley.
260 $bHamlyn,$c1994.
300 $a(192)p. :$b200ill.(100col.) ;$c28 cm.